Welcome To E-JUST Library

تهافت الفلاسفة للإمام الغزالي/ (Record no. 7802)

MARC details
000 -LEADER
fixed length control field 01543nam a2200289 4500
003 - CONTROL NUMBER IDENTIFIER
control field EG-NbEJU
005 - DATE AND TIME OF LATEST TRANSACTION
control field 20260315085738.0
008 - FIXED-LENGTH DATA ELEMENTS--GENERAL INFORMATION
fixed length control field 260315s2018 ||| |||g |||| 00| 0 eng d
017 ## - COPYRIGHT OR LEGAL DEPOSIT NUMBER
Copyright or legal deposit number 2018/17673
020 ## - INTERNATIONAL STANDARD BOOK NUMBER
International Standard Book Number 9789770288061
Qualifying information Paperback
040 ## - CATALOGING SOURCE
Original cataloging agency EG-NbEJU
Language of cataloging eng
Transcribing agency EG-NbEJU
041 ## - LANGUAGE CODE
Language code of text/sound track or separate title eng
050 ## - LIBRARY OF CONGRESS CALL NUMBER
Classification number B753.G3
Item number T3 2018
100 ## - MAIN ENTRY--PERSONAL NAME
Personal name الغزالي، ابو حامد محمد بن محمد
245 ## - TITLE STATEMENT
Title تهافت الفلاسفة للإمام الغزالي/
Statement of responsibility, etc. ابو حامد الغزالي محمد بن محمد; سليمان دنيا
250 ## - EDITION STATEMENT
Edition statement الطبعة الحادية عشر
260 ## - PUBLICATION, DISTRIBUTION, ETC.
Place of publication, distribution, etc. القاهرة:
Name of publisher, distributor, etc. دار المعارف،
Date of publication, distribution, etc. 2018.
300 ## - PHYSICAL DESCRIPTION
Extent صفحة 371;
Dimensions سم 24.
490 ## - SERIES STATEMENT
Series statement ذخائر العرب
Volume/sequential designation 15
500 ## - GENERAL NOTE
General note كتاب في نقد الفلسفة اليونانية وبعض آراء الفلاسفة المسلمين
520 ## - SUMMARY, ETC.
Summary, etc. يعد هذا الكتاب من أهم مؤلفات الغزالي في نقد الفلسفة، حيث يناقش فيه آراء الفلاسفة المسلمين المتأثرين بالفلسفة اليونانية مثل ابن سينا والفارابي، ويعرض حججه الكلامية والفلسفية للرد على بعض قضايا الميتافيزيقا مثل قدم العالم وعلم الله بالجزئيات.<br/>
650 ## - SUBJECT ADDED ENTRY--TOPICAL TERM
Topical term or geographic name entry element الفلاسفة المسلمين
650 ## - SUBJECT ADDED ENTRY--TOPICAL TERM
Source of heading or term الفلسفة الاسلامية
700 ## - ADDED ENTRY--PERSONAL NAME
Personal name دنيا، سليمان
Relator term محقق و مقدم
901 ## - Cataloger information
Cataloger Name Rowan
942 ## - ADDED ENTRY ELEMENTS (KOHA)
Source of classification or shelving scheme Library of Congress Classification
Suppress in OPAC No
Koha item type Books
Holdings
Withdrawn status Lost status Source of classification or shelving scheme Damaged status Not for loan Home library Current library Date acquired Total checkouts Full call number Barcode Date last seen Copy number Price effective from Koha item type
    Library of Congress Classification     Fayza Aboulnaga Central Library | مكتبة فايزة أبو النجا المركزية بالحرم الجامعي Fayza Aboulnaga Central Library | مكتبة فايزة أبو النجا المركزية بالحرم الجامعي 03/15/2026   B753.G3 T3 2018 10015170 03/15/2026 C. 1 03/15/2026 Books

All Rights Reserved
Egypt-Japan University of Science and Technology (E-JUST) © 2026